Vákuové žíhanie kobaltovej zliatiny FSX 414 : Bakalárska práca

Guardado en:
Detalles Bibliográficos
Autor principal: Košťál, Tomáš (Autor)
Otros Autores: Štibraná, Katarína, 1964- (xxx)
Formato: Manuscrito Libro
Lenguaje:eslovaco
Publicado: Trnava : STU v Bratislave MtF KMI, 2004
Materias:
Etiquetas: Agregar Etiqueta
Sin Etiquetas, Sea el primero en etiquetar este registro!

MARC

LEADER 00000ntm a22000003a 4500
001 stu89871
005 20160719154711.2
008 040906s2004----xo------------------slo-d
040 |a STU  |b slo 
041 0 |a slo 
044 |a xo 
100 1 |a Košťál, Tomáš  |4 aut 
245 1 |a Vákuové žíhanie kobaltovej zliatiny FSX 414 :  |b Bakalárska práca 
260 |a Trnava :  |b STU v Bratislave MtF KMI,  |c 2004 
300 |a 45 s 
650 7 |a technológie strojárskej výroby  |2 stusub 
650 7 |a tepelné spracovanie  |2 stusub 
700 1 |a Štibraná, Katarína,  |d 1964-  |4 xxx  |u M1000  |U MTF Materiálovotechnologická fakulta  |T MTF Ústav materiálov  |X 305  |U M1000  |Y 81  |7 A000000305 
996 |b 284M060231  |c M*BP-583  |l MMSKP  |s P  |a 0  |w stu89871_0001